000 01944nam0a2200337 4500
001 RU\NLR\BIBL_A\012633138
005 20220203150828.0
010 _a978-5-94760-425-2
_963
021 _aRU
_bКН-П-21-042536
_9КН-П-21-3347
035 _a(NLR Aleph) 012633138
090 _a12673063
_c12673063
100 _a20211027d2020 m y0rusy50 ca
101 0 _arus
102 _aRU
105 _aa j 000zy
181 0 _ai
_baxxe
182 0 _an
200 1 _aОсновы управления дистрибьюторской и кинотеатральной деятельностью
_eучебное пособие
_fК. Ю. Леонтьева
_gМинистерство культуры Российской Федерации, Федеральное государственное бюджетное образовательное учреждение высшего образования "Санкт-Петербургский государственный институт кино и телевидения"
203 _aТекст
_bвизуальный
_cнепосредственный
210 _aСанкт-Петербург
_cСПбГИКиТ
_d2020
215 _a163, [1] c.
_cил.
_d20
320 _aБиблиогр.: с. 144-149 (80 назв.)
606 1 _aКиноискусство
_jУчебные издания для высших учебных заведений
_xУправление
_yРоссийская Федерация
_92232428
_3RU\NLR\AUTH\6601572200
606 1 _aКиноискусство
_jУчебные издания для высших учебных заведений
_xУправление
_yСССР
_92500547
_3RU\NLR\AUTH\6601698604
686 1 _aЩ373(2Р)7кя73
700 1 _aЛеонтьева
_bК. Ю.
_gКсения Юрьевна
942 _cBOOK
980 _aNBR
980 _aNB